Prestavba objektu Oblastnej správy Železničnej polície v Košiciach

Podrobná bibliografia
Hlavní autori: Trnkusová, Martina (Autor), Malinovský, Viktor, 1953- (Autor)
Médium: Článok
Jazyk:slovenčina
Fyzický popis:Fotogr.
ISSN:1335-1249
Predmet:

MARC

LEADER 00000nab a2200000 a 4500
001 vtls008936146
003 SK-MaSNL
005 20260304144821.0
008 250505c2006 xo zr|p|||||||000 b|slo
015 |a SNBRB2007/01  |2 snkbucl 
035 |a (uuid)632f76da-2371-45d1-918d-b7a7c1976e7d 
035 |a urn:nbn:sk:snk-abae21 
035 |a (urnnbn)urn:nbn:sk:snk:ar-008dym 
038 |a SNKBUCL 
040 |a SNKBUCL  |b slo  |c SNKBUCL  |e AACR2 
041 0 |a slo 
044 |a xo  |c SK 
080 |a 725.188:351.749.6  |x (437.6)  |2 2001 
080 |a 351.749.6:725.188  |x (437.6)  |2 2001 
100 1 |a Trnkusová, Martina  |4 aut  |9 1285122 
245 1 0 |a Prestavba objektu Oblastnej správy Železničnej polície v Košiciach  |c v spolupráci s Ing. arch. Viktorom Malinovským pripravila Martina Trnkusová 
300 |b Fotogr. 
500 |a Architekt: Viktor Malinovský 
610 2 7 |a Oblastná správa Železničnej polície (Košice, Slovensko)  |2 snkbucl  |9 1466679 
651 7 |a Košice (Slovensko)  |2 snkbucl  |9 18694 
700 1 |a Malinovský, Viktor,  |d 1953-  |4 aut  |9 212281 
773 0 |t Eurostav  |g Roč. 12, č. 6 (2006), s. 66-67  |x 1335-1249 
850 |a Slovenská národná knižnica 
852 |a Slovenská národná knižnica 
954 |a odborná, vedecká literatúra pôvodná (slovenská)  |2 lita 
958 |a article14 
958 |a OND 
958 |a SK 
958 |a EUIPO 
999 |c 2933476  |d 2935406